LEADER 01298nam0 2200325 450 001 000027748 005 20100604144542.0 010 $a84-89756-33-3 100 $a20100604d2000----km-y0itaa50------ba 101 0 $aspa 102 $aES 200 1 $aHacia la competencia intercultural en el aprendizaje de una lengua extranjera$eestudio del choque cultural y los malentendidos$fAngels Oliveras Vilaseca 210 $aMadrid$cEdinumen$d2000 215 $a134 p.$d22 cm 225 2 $aSerie master E 225 2 $aMemorias para el aprendizaje 410 0$12001$aSerie master E 410 0$12001$aMemorias para el aprendizaje 606 1 $aLinguaggio e comunicazione 676 $a418.0071$v(21. ed.)$9Uso standard del linguaggio. Linguistica applicata. Educazione 700 1$aOliveras Vilaseca,$bAngels$0444959 801 0$aIT$bUniversità della Basilicata - B.I.A.$gRICA$2unimarc 912 $a000027748 996 $aHacia la competencia intercultural en el aprendizaje de una lengua extranjera$994804 997 $aUNIBAS BAS $aLETTERE CAT $aMDL$b30$c20100604$lBAS01$h1443 CAT $aMDL$b30$c20100604$lBAS01$h1445 FMT Z30 -1$lBAS01$LBAS01$mBOOK$1BASA1$APolo Storico-Umanistico$2DID$BDidattica$3FM/109433$6109433$5L109433$820100604$f04$FPrestabile Didattica LEADER 02029oam 2200373 450 001 9910132424303321 005 20230621135626.0 035 $a(CKB)3710000000347308 035 $a(oapen)https://directory.doabooks.org/handle/20.500.12854/41399 035 $a(EXLCZ)993710000000347308 100 $a20200127c2009uuuu |u | 101 0 $apor 135 $aurmn|---annan 181 $ctxt$2rdacontent 182 $cc$2rdamedia 183 $acr$2rdacarrier 200 10$aAs paixões humanas em Thomas Hobbes$b[electronic resource] $eentre a ciência e a moral, o medo e a esperança /$fHélio Alexandre da Silva 210 $cSciELO Books - Editora UNESP$d2009 210 1$aSão Paulo :$cSciELO Books - Editora UNESP,$d2009 215 $a1 online resource (121 pages) 311 $a85-7983-024-9 320 $aIncludes bibliographical references. 330 $aO livro 'As Paixões Humanas em Thomas Hobbes: entre a ciência e a moral, o medo e a esperança' analisa a relação existente entre a ciência de matriz mecanicista e o projeto político presente na obra desse autor inglês do séc. XVII. Defende a hipótese de que Hobbes deve muito de sua concepção moral e política aos seus estudos acerca da ciência, que o orientam a pensar o homem e suas paixões. Com esse pressuposto, são também discutidas no livro algumas interpretações que criticam a relação entre filosofia natural (ciência) e filosofia moral. Finalmente, investiga-se o papel que duas paixões em especial, o medo e a esperança, desempenham no processo que afasta a guerra de todos e procura construir a paz política. 606 $aHuman nature (Hobbes, Thomas) 606 $aPhilosophical anthropology 610 $aPOLITICAL SCIENCE 615 0$aHuman nature (Hobbes, Thomas) 615 0$aPhilosophical anthropology. 700 $aSilva$b Hélio Alexandre da$0803237 801 0$bUkMaJRU 906 $aBOOK 912 $a9910132424303321 996 $aAs paixões humanas em Thomas Hobbes$92049796 997 $aUNINA